[Event "Magnus Carlsen Chess Tour Finals Kiva"]
[Site "Online"]
[Date "2020.08.07"]
[Round "1.3"]
[White "Dubov, Daniil"]
[Black "Nakamura, Hikaru"]
[Result "1/2-1/2"]
[WhiteElo "2770"]
[BlackElo "2829"]
[Annotator "TA"]
[PlyCount "134"]
[EventDate "2020.08.09"]
[EventType "k.o."]
[SourceTitle "playchess.com"]
[Source "ChessBase"]
[SourceQuality "1"]

{[%evp 19,134,4,23,8,11,0,6,-2,0,0,0,13,16,0,37,-14,-8,-18,-5,-5,-18,-10,0,0,11,16,29,24,21,12,12,12,12,14,16,12,13,5,5,4,3,6,12,12,13,10,10,6,6,6,6,6,6,6,6,6,6,6,6,0,6,6,6,0,0,0,6,6,6,6,6,6,8,0,0,0,8,0,0,0,0,0,0,0,0,0,0,0,0,0,0,0,0,8,8,8,8,0,0,0,0,0,0,0,0,0,0,0,0,0,0,0,0,0,0,0,0]} 1. c4 e5 2. Nc3 Nf6 3. Nf3 Nc6 4. g3 d5 5. cxd5 Nxd5 6. Bg2 Nb6 7. O-O Be7 8. b3 O-O 9. Bb2 Re8 10. Rc1 Bf8 11. Ne4 {A29: English Opening: Four Knights Variation with 4 g3.} (11. d3 Nd4 12. e3 Nxf3+ 13. Qxf3 c6 14. Rfd1 Qg5 15. h4 Qg4 16. Ne4 Qxf3 17. Bxf3 a5 18. Nc5 a4 19. d4 axb3 20. axb3 {0-1 (79) Dubov,D (2690)-Nakamura,H (2761) Moscow 2019}) 11... f6 12. d3 a5 13. Nc5 {[#]} a4 $146 ({Predecessor:} 13... Ra7 14. Nd2 Nd4 15. e3 Ne6 16. Nxe6 Bxe6 17. d4 exd4 18. Bxd4 c6 19. Nc4 c5 {1-0 (39) Svidler,P (2729)-Grischuk,A (2759) Amsterdam 2019}) 14. Nxa4 Nxa4 15. bxa4 Be6 16. Nd2 Bxa2 17. Nb3 (17. Nc4 $14) 17... Rxa4 $11 18. Ra1 Ra6 19. Na5 Rxa5 20. Rxa2 $1 Rb5 (20... Rxa2 $5 21. Qb3+ $8 {[%mdl 64] Double Attack} Kh8 22. Qxa2 Qd7 $11) 21. Bc3 Nd4 22. Rb2 {[#] Black must now prevent Rxb5.} Rxb2 23. Bxb2 Kh8 24. Bxb7 {The position is equal.} Qb8 25. Bxd4 $1 {And now Bc6 would win.} Qxb7 26. Be3 Bd6 27. Qc2 Rb8 28. Rc1 Qb2 29. Kg2 Qxc2 30. Rxc2 {[%mdl 4096] Endgame KRB-KRB} Rb5 31. f4 Kg8 32. Kf3 Kf7 33. f5 g6 34. g4 Rb1 35. Rc1 Rb4 36. Rc4 Rb1 37. Bc1 Ra1 38. h3 Rb1 39. Be3 Rf1+ 40. Kg2 Re1 41. Kf2 Rh1 42. Kg2 Re1 43. Rc2 Ke7 44. Bf2 Ra1 45. Rc4 Kd7 46. fxg6 hxg6 47. h4 Ra8 48. h5 Rh8 49. hxg6 Rg8 50. Kf3 Rxg6 51. Rc1 Rh6 52. Kg2 Rg6 53. Kf3 Rh6 54. Rg1 Rh3+ 55. Kg2 Rh7 56. Rh1 Rxh1 57. Kxh1 {KB-KB} e4 58. Kg2 exd3 59. exd3 Ke6 60. Kf3 f5 61. gxf5+ $1 Kxf5 62. Bg3 Bxg3 63. Kxg3 Ke5 {[#] ( -> ...Kd4)} 64. Kf3 Kd4 65. Ke2 c5 (65... Kc3 $5) 66. Kd2 c4 67. dxc4 Kxc4 {Not much happened in this game. Accuracy: White = 98%, Black = 98%.} 1/2-1/2

[Event "Magnus Carlsen Chess Tour Finals Kiva"]
[Site "Online"]
[Date "2020.08.07"]
[Round "1.3"]
[White "Dubov, Daniil"]
[Black "Nakamura, Hikaru"]
[Result "0-1"]
[WhiteElo "2770"]
[BlackElo "2829"]
[Annotator "TA"]
[PlyCount "136"]
[EventDate "2020.08.09"]
[EventType "k.o."]
[SourceTitle "playchess.com"]
[Source "ChessBase"]
[SourceQuality "1"]

{[%evp 16,136,0,-1,0,0,0,0,11,-11,18,-24,0,0,0,0,0,0,0,0,0,0,0,-2,0,0,12,0,18,14,21,11,20,11,8,12,18,8,12,-2,25,13,11,0,6,19,20,14,10,0,0,0,0,0,0,0,0,-73,-66,-72,-77,-77,-75,-58,-64,-72,-65,-64,-66,-67,-47,-51,-67,-67,-58,-77,-73,-100,-101,-90,-79,-115,-88,-114,-21,-15,0,-137,-149,-144,-150,-191,-198,-174,-189,-245,-239,-234,-216,-276,-276,-281,-273,-271,-279,-275,-272,-279,-273,-295,-286,-294,-300,-402,-406,-444,-443,-445,-367,-385,-368,-325,-328]} 1. c4 e5 2. Nc3 Nf6 3. Nf3 Nc6 4. g3 d5 5. cxd5 Nxd5 6. Bg2 Nb6 7. O-O Be7 8. b3 O-O 9. Bb2 Re8 {A29: English Opening: Four Knights Variation with 4 g3.} 10. Rc1 Bf5 $5 {[%mdl 4] Leaves trodden paths.} (10... Bf8 11. d3 Nd4 12. e3 Nxf3+ 13. Qxf3 c6 14. Rfd1 Qg5 15. h4 Qg4 16. Ne4 Qxf3 17. Bxf3 a5 18. Nc5 a4 19. d4 axb3 20. axb3 Ra2 21. Bc3 Nd5 22. Bxd5 cxd5 23. Nd3 Bg4 24. Rd2 Rxd2 25. Bxd2 exd4 26. exd4 {0-1 (79) Dubov,D (2690)-Nakamura,H (2761) Moscow 2019}) 11. d3 Qd7 {The position is equal.} 12. Qc2 Nd4 13. Qd1 Nc6 14. Ne4 f6 15. Nc5 Bxc5 $1 16. Rxc5 Bh3 17. Bxh3 Qxh3 18. b4 a6 {[#]} 19. a3 $146 ({Predecessor:} 19. a4 Qe6 20. a5 Nd5 21. Ba3 b6 22. Rc1 Rad8 23. Qb3 Nd4 24. Nxd4 exd4 25. Bb2 bxa5 26. bxa5 Kh8 27. Bxd4 Qxe2 {½-½ (63) Shetty,A (2403)-Gurevich,D (2471) Saint Louis 2017}) 19... Qe6 20. Nd2 Rad8 21. Ne4 Nd5 22. Rc1 b6 23. Qc2 Nd4 24. Bxd4 exd4 25. Qc4 Qe5 26. Rfe1 Kh8 27. Qxa6 Ra8 28. Qc4 Rxa3 29. f4 Qe6 30. Qxd4 h6 31. b5 Rb3 32. Rc6 Qf7 33. Nc3 Nb4 {Hoping for ...Nc2.} 34. Qc4 Qxc4 35. Rxc4 Nxd3 $1 {[%mdl 64] Pin} 36. Rd1 (36. Ra1 $11 Nc5 37. Ra2) 36... Nb2 $17 37. Re4 $1 {[%cal Re4e8]} Rxe4 38. Rd8+ Kh7 39. Nxe4 {[%mdl 4096] Endgame KRN-KRN} f5 $1 {[%cal Rf5e4]} ({Reject} 39... Rxb5 $6 40. Rd7 $14) 40. Nd2 Rxb5 41. Rd7 Rc5 42. e4 fxe4 43. Nxe4 Rc6 44. f5 Kg8 $1 45. Kf2 Na4 46. Kf3 Nc5 47. Rd8+ Kf7 48. Nf2 h5 49. g4 Ke7 ({Black should play} 49... b5 $1 $17 {White must now prevent ...b4.} 50. gxh5 b4) 50. Rg8 $11 Kf7 51. Rc8 (51. Rd8 $11) 51... hxg4+ $17 {White is now going downhill.} 52. Nxg4 {[#] Threatens to win with Ne5+.} Nd7 $1 53. Rd8 Ke7 54. Rg8 Rc3+ 55. Kf2 {[#]} (55. Ke2 $142) 55... Kf7 $1 $19 {[%cal Rf7g8]} 56. Rd8 Nf6 57. Ne5+ Ke7 58. Ra8 Ne4+ 59. Ke2 Kf6 60. Ng4+ Kxf5 61. Ne3+ Kg6 62. Nd5 Rc5 63. Nf4+ Kf5 64. Nd3 Rc2+ 65. Ke3 Nf6 66. h3 Rc4 67. Rc8 Nd5+ 68. Kd2 Rd4 {Accuracy: White = 77%, Black = 94%.} 0-1

[Event "Magnus Carlsen Chess Tour Finals Kiva"]
[Site "Online"]
[Date "2020.08.10"]
[Round "1.4"]
[White "Carlsen, Magnus"]
[Black "Ding, Liren"]
[Result "1/2-1/2"]
[WhiteElo "2881"]
[BlackElo "2836"]
[Annotator "TA"]
[PlyCount "105"]
[EventDate "2020.08.09"]
[EventType "k.o."]
[SourceTitle "playchess.com"]
[Source "ChessBase"]
[SourceQuality "1"]

{[%evp 17,105,11,22,26,39,1,0,-26,-27,-27,-24,-8,-17,-12,0,0,0,-29,-42,-38,-34,-37,-22,-21,-18,-21,-19,-24,-31,-22,-22,-22,-22,-22,-31,-27,-18,-47,-48,-50,-51,-125,-128,-128,-8,-8,-2,-8,-8,-8,-8,-119,-8,-160,-623,-552,-512,-145,-83,-83,-83,-83,-83,-83,-145,-100,-8,-18,-18,-18,-8,-8,-8,-8,0,-8,-8,-8,-8,-8,-8,-8,-8,-8,-8,-8,-8,-8,-8,-8]} 1. d4 Nf6 2. c4 e6 3. Nf3 d5 4. Nc3 dxc4 5. e3 a6 6. a4 c5 7. Bxc4 Nc6 8. O-O Be7 9. dxc5 Bxc5 10. Qxd8+ {D27: Queen's Gambit Accepted: Classical main line: 7 e4!? and 7 a4.} Kxd8 11. Bd2 Ke7 12. a5 {[#]} Bb4 $146 ({Predecessor:} 12... Rd8 13. Na4 Ne4 14. Be1 Ba7 15. b4 Bd7 16. Bd3 Nf6 17. b5 axb5 18. Bxb5 Nd5 {1-0 (77) Dolezal,R (2359)-Movsesian,J (2304) Czechia 2013}) 13. Nb1 Bd7 14. Rc1 Rhc8 15. Bf1 Ne4 16. Bxb4+ $1 Nxb4 17. Nbd2 (17. Nc3 {keeps more tension.} Nc5 18. Ra3 f6 19. Nd4 Ncd3 20. Rb1) 17... Nxd2 18. Nxd2 Rxc1 19. Rxc1 Rc8 20. Rxc8 Bxc8 $11 {[%mdl 4096] Endgame KBN-KBN} 21. f4 e5 22. fxe5 Nc6 23. Nc4 Be6 24. Kf2 Bxc4 25. Bxc4 Nxa5 {KB-KN} 26. Bd5 Nc6 27. Kg3 Nxe5 {Strongly threatening ...b5.} 28. Bxb7 a5 29. Ba6 (29. b3 $15) 29... g5 $1 $17 30. h4 h6 ({Black should try} 30... f6 $1 $17 31. h5 Kd6) 31. hxg5 $11 hxg5 32. Kf2 Kd6 33. Ke2 $1 Kc5 34. Bb7 {[#]} (34. Kd2 $11 {remains equal.}) 34... a4 ({Better is} 34... Kc4 $1 $17 {[%cal Rc4b3] And now ...Kb3 would win.} 35. Kd2 Kb3) 35. Kd2 $2 (35. Ba6 $1 $11) 35... Nc4+ $17 36. Kc3 Nxe3 37. g3 $2 (37. Kd2 $19 Nc4+ 38. Kc3) 37... Nf5 (37... Nd1+ $142 38. Kc2 Nf2) 38. g4 Ne3 39. Bf3 {[#]} f6 $1 40. Kd3 Nc4 41. Kc3 Nd6 (41... Ne5 $17 42. Be2 Kd5) 42. Bg2 {The position is equal.} Nb5+ 43. Kd3 Kb4 44. Bc6 Nd6 45. Kd4 Nf7 {Threatens to win with ...Ne5.} 46. Bf3 Nh6 47. Bd1 f5 48. gxf5 Nxf5+ 49. Ke5 Ne3 {[#]} 50. Bxa4 $1 {[%mdl 512]} Kxa4 51. Ke4 Nc4 {( -> ...g4)} 52. Kf5 Nxb2 53. Kxg5 {Black had all chances to win. Accuracy: White = 72%, Black = 80%.} 1/2-1/2

[Event "Magnus Carlsen Chess Tour Finals Kiva"]
[Site "Online"]
[Date "2020.08.12"]
[Round "1.4"]
[White "Carlsen, Magnus"]
[Black "Ding, Liren"]
[Result "1-0"]
[WhiteElo "2881"]
[BlackElo "2836"]
[Annotator "TA"]
[PlyCount "89"]
[EventDate "2020.08.09"]
[EventType "k.o."]
[SourceTitle "playchess.com"]
[Source "ChessBase"]
[SourceQuality "1"]

{[%evp 17,89,0,15,18,9,7,19,9,0,0,0,0,7,9,14,0,11,1,7,17,52,59,48,45,52,65,129,123,113,81,80,79,99,84,95,90,86,81,97,87,95,91,88,75,75,75,68,68,68,74,145,136,101,135,349,350,349,335,335,279,499,443,597,580,2414,1921,12841,12842,12842,12843,12843,12840,12845,12845]} 1. d4 Nf6 2. c4 e6 3. Nf3 d5 4. Nc3 c6 5. Bg5 h6 6. Bh4 dxc4 7. e4 g5 8. Bg3 b5 9. Be2 b4 10. Na4 {D43: Semi-Slav: 5 Bg5 h6.} Nxe4 11. Be5 Nf6 12. Nc5 {The position is equal.} c3 13. bxc3 bxc3 {...g4 is the strong threat.} 14. O-O Nbd7 15. Nxd7 Bxd7 16. Qb3 {[#]} Bg7 $146 ({Predecessor:} 16... Be7 17. Qxc3 Nd5 18. Qc2 f6 19. Bg3 Kf8 20. Rfb1 a5 21. Rb2 Be8 22. a3 a4 23. Rab1 Qa5 24. Nd2 Qc3 25. Qe4 f5 26. Qxe6 f4 27. Qe5 Bf6 28. Qd6+ {½-½ (28) Pezzica,G (2568)-Baranowski,T (2419) ICCF email 2014}) 17. Qa3 g4 18. Ne1 c5 19. dxc5 {Hoping for Rd1.} O-O 20. Bxc3 h5 21. Rd1 {[#] aiming for Bxf6.} Nd5 (21... Qe7 $14) 22. Bxg7 $16 Kxg7 23. Bc4 Bc6 24. Nc2 Qf6 25. Nd4 Ne7 26. f3 g3 27. hxg3 Rfd8 28. Nxc6 Nxc6 29. Qe3 Nd4 30. g4 $36 {[%mdl 2048] And now g5 would win. Black is under strong pressure.} Rac8 31. g5 ({Much worse is} 31. gxh5 Rxc5 32. h6+ Qxh6 $11) 31... Qf5 32. Rxd4 Qxc5 33. Bxe6 $1 ({But not} 33. Rfd1 $2 e5 $19) 33... Rc6 {[#]} (33... fxe6 $142 34. Rfd1 Rxd4 35. Rxd4 e5 36. Rd7+ Kg6 37. Qxc5 Rxc5) 34. Re4 $1 ({Weaker is} 34. Bd7 Rxd7 35. Re4 Rd2 $17) 34... Qxe3+ 35. Rxe3 Rxe6 $2 {Black cannot hold the game after this.} (35... fxe6 $16 {keeps fighting.} 36. Rf2 Kf7) 36. Rxe6 $18 fxe6 $16 {[%mdl 4096] Endgame KR-KR} 37. Re1 Rd6 38. Kh2 Kg6 $2 (38... Kf7 {was called for.} 39. Re4 Kg6) 39. f4 $18 {White is clearly winning.} Kf5 40. Kg3 h4+ 41. Kxh4 Kxf4 42. g6 Rd8 43. Rf1+ Ke3 44. Kg5 e5 45. g7 {Accuracy: White = 96%, Black = 65%.} 1-0

[Event "Magnus Carlsen Chess Tour Finals Kiva"]
[Site "Online"]
[Date "2020.08.10"]
[Round "1.4"]
[White "Ding, Liren"]
[Black "Carlsen, Magnus"]
[Result "1-0"]
[WhiteElo "2836"]
[BlackElo "2881"]
[Annotator "TA"]
[PlyCount "61"]
[EventDate "2020.08.09"]
[EventType "k.o."]
[SourceTitle "playchess.com"]
[Source "ChessBase"]
[SourceQuality "1"]

{[%evp 16,60,35,39,56,54,46,29,26,32,32,32,66,51,68,52,81,51,35,24,26,2,92,92,101,99,97,94,75,88,195,14,77,72,256,242,238,256,1064,1027,1007,1006,29997,29998,29998,29999,29999]} 1. d4 Nf6 2. c4 g6 3. g3 Bg7 4. Bg2 O-O 5. Nc3 d6 6. Nf3 Nc6 7. O-O e5 8. d5 Ne7 {8...Nb8 is the fancy move.} 9. e4 b6 {E62: King's Indian: Fianchetto: 6...c6 and Panno Variation (6...Nc6) without ...a6.} 10. Rb1 a5 {[#]} 11. Re1 $146 ({Predecessor:} 11. a3 Bd7 12. b4 axb4 13. axb4 Qc8 14. c5 bxc5 15. bxc5 Bh3 16. c6 h6 17. Rb7 {0-1 (44) Petrosian,T-Panov,V Moscow 1950}) 11... Nd7 {White has an edge.} 12. a3 h6 13. Nh4 f5 14. exf5 gxf5 15. Qc2 Nf6 16. b4 Bd7 17. c5 axb4 18. axb4 e4 (18... Qe8 $11 {keeps the balance.}) 19. c6 $16 Be8 20. f3 Nfxd5 21. Nxd5 Nxd5 22. fxe4 fxe4 (22... Nc3 $16 {was necessary.}) 23. Bxe4 $2 (23. Qxe4 Nc3 $17) (23. Rxe4 $18 Bh5 24. Re6) 23... Nc3 (23... Bd4+ $1 $11 24. Kh1 Nc3) 24. Bxh6 Qf6 $2 {Black cannot hold the game after this.} (24... Bd4+ $16 25. Be3 Qf6) 25. Bh7+ $1 $18 ({Less strong is} 25. Bxg7 Qxg7 26. Nf5 Rxf5 $16) 25... Kh8 {[#]} 26. Rxe8 $1 {[%mdl 512]} Rfxe8 $2 {[#]} (26... Bxh6 27. Re7 Qd4+ 28. Kg2 Bg7) (26... Raxe8 27. Ng6+) 27. Ng6+ $1 Kxh7 {[#]} 28. Nf8+ $1 {[%mdl 64] Discovered Attack (Double check)} Kxh6 29. Qh7+ {White mates.} Kg5 30. Qh4+ Kf5 31. Qf4# {Accuracy: White = 81%, Black = 46%.} 1-0

[Event "Magnus Carlsen Chess Tour Finals Kiva"]
[Site "Online"]
[Date "2020.08.10"]
[Round "1.4"]
[White "Ding, Liren"]
[Black "Carlsen, Magnus"]
[Result "0-1"]
[WhiteElo "2836"]
[BlackElo "2881"]
[Annotator "TA"]
[PlyCount "90"]
[EventDate "2020.08.09"]
[EventType "k.o."]
[SourceTitle "playchess.com"]
[Source "ChessBase"]
[SourceQuality "1"]

{[%evp 16,90,5,0,4,0,0,8,24,0,0,-7,0,0,8,13,14,18,18,10,16,15,16,18,12,8,11,0,0,0,23,23,24,23,24,14,160,182,199,192,197,191,194,203,191,199,193,187,171,-263,-263,-1142,-1142,-1135,-1099,-1063,-1025,-866,-225,-261,-261,-257,-172,-166,-139,-146,-127,-170,-130,-182,-132,-357,-358,-789,-86,-29998,-29999]} 1. d4 Nf6 2. c4 e6 3. g3 d5 4. Bg2 Bb4+ 5. Bd2 Be7 6. Nf3 O-O 7. O-O c6 8. Qc2 b6 9. Ne5 Bb7 {E11: Bogo-Indian.} 10. cxd5 cxd5 11. Rc1 Nfd7 {The position is equal.} 12. Nd3 (12. Qc7 {feels hotter.} Ba6 13. Nxd7 Nxd7 14. e4 e5 15. Qxd8 Rfxd8 16. Nc3) 12... Nc6 {[%cal Bb8c6,Bc6a5,Ba5c4][%mdl 32]} 13. e3 Rc8 14. Nc3 {[#]} Na5 $146 ({Predecessor:} 14... Ba6 15. Be1 Rc7 16. Bf1 Qb8 17. Qa4 Qb7 18. Nb5 Bxb5 19. Qxb5 a6 20. Qb3 b5 {1-0 (53) Lysyj,I (2594)-Petkov,M (2315) chess.com INT 2020}) 15. Qd1 Nc4 16. Be1 Nd6 17. a4 a5 18. Nb5 Rxc1 19. Rxc1 Qb8 20. b4 Nc4 21. bxa5 (21. Qb3 {is interesting.} Rc8 22. Bf1 Bc6 23. Nf4 Nf6 24. h4) 21... bxa5 22. e4 Ndb6 23. exd5 Bxd5 24. Bxd5 exd5 25. Ne5 Qb7 {[#]} (25... Rc8 $11 {remains equal.}) 26. Bxa5 $1 $16 {[%mdl 512]} Bg5 (26... Nxa5 27. Rc7) 27. Bxb6 $1 Bxc1 28. Bc5 Ra8 29. Nxc4 dxc4 30. Qxc1 Rxa4 31. Nc3 Ra5 32. h4 $4 {[%mdl 8192] [#]} (32. Ba3 $1 $18 {and life is good for White.}) 32... Qa8 $1 $19 {Hoping for ...Ra1!} 33. Qb2 $2 (33. Kh2 Ra1 34. Nb1) 33... Ra1+ 34. Nb1 {[#]} c3 $1 {[%cal Rc3b2][%mdl 512]} 35. Qb3 (35. Qxc3 Rxb1+) 35... h6 36. d5 Qc8 $2 (36... Qe8 37. Qc2 Qe1+ {[%mdl 64] Double Attack} 38. Kg2 Qxb1 39. Qxb1 Rxb1) 37. Kg2 Qxc5 38. Nxc3 {[%mdl 4096] Endgame KQR-KQN} Ra8 39. Ne2 Rd8 40. Nf4 Qd4 41. h5 Qe5 42. Qb6 (42. Qc2 $17 {was necessary.}) 42... Rb8 43. Qc5 $2 {[#]} (43. Qe3 $17 Qxe3 44. fxe3) 43... Qe4+ $1 44. Kh3 $2 (44. Kh2 Rb2 45. Kh3) 44... Rb1 $2 (44... Qh1+ $19 45. Kg4 Rf8) 45. Kg4 $2 {[%mdl 8192]} (45. Qc8+ $17 Kh7 46. f3 Rh1+ 47. Kg4) 45... f5+ {Accuracy: White = 61%, Black = 65%.} 0-1

[Event "Magnus Carlsen Chess Tour Finals Kiva"]
[Site "Online"]
[Date "2020.08.10"]
[Round "1.4"]
[White "Ding, Liren"]
[Black "Carlsen, Magnus"]
[Result "1/2-1/2"]
[WhiteElo "2836"]
[BlackElo "2881"]
[Annotator "TA"]
[PlyCount "93"]
[EventDate "2020.08.09"]
[EventType "k.o."]
[SourceTitle "playchess.com"]
[Source "ChessBase"]
[SourceQuality "1"]

{[%evp 9,93,27,36,-3,55,40,45,40,42,26,56,55,66,58,67,67,50,66,68,37,64,62,62,76,73,72,76,61,88,42,89,64,117,63,62,65,61,43,39,54,63,74,77,13,29,33,97,108,93,73,151,151,127,83,75,32,43,35,43,16,30,33,37,0,11,0,4,4,6,3,29,0,0,0,0,0,0,0,0,0,0,0,0,0,0,0]} 1. d4 Nf6 2. c4 g6 3. g3 c5 (3... c6 4. Bg2 d5 5. cxd5 cxd5 6. Nf3 Bg7 7. Ne5 O-O 8. Nc3 Bf5 9. O-O Ne4 10. Bf4 Nxc3 11. bxc3 Nc6 12. Nxc6 bxc6 13. Qa4 e6 14. Qxc6 Rc8 15. Qa4 Rxc3 16. Rfc1 Rxc1+ 17. Rxc1 Qb6 18. e3 {½-½ (39) Ding,L (2812)-Carlsen,M (2845) Shamkir 2019}) 4. dxc5 Qa5+ 5. Nc3 Qxc5 6. Be3 {E60: King's Indian: Unusual lines and Fianchetto Variation without Nc3.} (6. e4 {looks sharper.} Bg7 7. Be3 Qa5 8. Bg2 O-O 9. Bd2) 6... Qa5 (6... Qxc4 $11 7. Bd4 Nc6) 7. Bg2 Bg7 {[#]} 8. Bd2 $146 {White is slightly better.} ({Predecessor:} 8. Qd2 Nc6 9. Rc1 O-O 10. Bh6 a6 11. Bxg7 Kxg7 12. Nf3 b5 13. cxb5 axb5 14. a3 {0-1 (52) Ingbrandt,J (2335)-Akesson,R (2445) Norrkoeping 1988}) 8... O-O 9. Rc1 d6 10. Nh3 Nc6 11. Nf4 Bd7 12. O-O Rfc8 13. b3 Qd8 14. Ncd5 Nxd5 15. Nxd5 Ne5 16. Bg5 Nc6 17. Qd2 Be6 18. Rfd1 Qf8 19. b4 h6 20. Be3 Kh7 (20... Bf5 $14) 21. b5 (21. Nf4 $16) 21... Ne5 $14 22. c5 dxc5 23. Bxc5 Qe8 24. Qb4 $36 {[%mdl 2048] White is pushing.} Bxd5 25. Bxd5 Rc7 26. Rb1 ({White should play} 26. Be3 $16 Rd7 27. Bb3) 26... e6 $11 27. Bg2 Bf8 {[#]} ({Better is} 27... a5 $14 28. bxa6 Rxa6) 28. Bxf8 $1 $16 Qxf8 29. Qf4 Qg7 (29... f6 $142) 30. Rbc1 Re7 31. Rc5 f6 32. Qc1 Rae8 33. h3 b6 34. Rc8 (34. Rc2 {is more complex.} Nd7 35. Rc6 Nc5 36. Qc2 f5 37. a4) 34... Qf8 35. Rxe8 Qxe8 36. f4 (36. Bc6 {feels hotter.} Qf8 37. f4 Nf7 38. Qa3 Kg7 39. Bd7) 36... Nf7 37. Qc6 (37. Bc6 {looks sharper.} Qf8 38. Qa3 Kg7 39. Bd7 e5 40. f5) 37... Qxc6 38. bxc6 $11 {[%mdl 4096] Endgame KRB-KRN} Kg7 39. Kf2 Kf8 40. Ke3 Rc7 {The position is equal.} 41. Kd4 Nd8 42. Rc1 Ke7 43. Ke3 Kd6 {[%cal Rd8c6]} 44. Rd1+ Ke7 45. Rc1 Kd6 {[%cal Rd8c6]} 46. Rd1+ Ke7 47. Rc1 {Accuracy: White = 71%, Black = 71%.} 1/2-1/2

[Event "Magnus Carlsen Chess Tour Finals Kiva"]
[Site "Online"]
[Date "2020.08.10"]
[Round "1.5"]
[White "Carlsen, Magnus"]
[Black "Ding, Liren"]
[Result "1/2-1/2"]
[WhiteElo "2881"]
[BlackElo "2836"]
[Annotator "TA"]
[PlyCount "65"]
[EventDate "2020.08.09"]
[EventType "k.o."]
[SourceTitle "playchess.com"]
[Source "ChessBase"]
[SourceQuality "1"]

{[%evp 9,65,0,0,0,0,0,0,0,18,3,0,1,5,5,1,9,2,-14,12,6,19,0,0,0,0,0,0,0,2,4,0,0,7,0,8,0,47,48,67,45,58,52,32,25,45,10,22,32,72,58,42,10,72,0,52,0,65,0]} 1. d4 Nf6 2. Nf3 d5 3. Bf4 c5 4. e3 Nc6 5. Nbd2 (5. Be2 cxd4 6. exd4 Bg4 7. c3 e6 8. Nbd2 Bd6 9. Ne5 Bxe2 10. Qxe2 O-O 11. O-O Qc7 12. Rfe1 Nd7 13. Nxd7 Qxd7 14. Bxd6 Qxd6 15. Nb3 Rab8 16. Nc1 b5 17. a3 a5 18. b4 Ne7 19. Nb3 a4 {½-½ (36) Carlsen,M (2861)-Ding,L (2805) Abidjan 2019}) 5... Qb6 {[%cal Rc5d4]} 6. dxc5 {D02: 1 d4 d5 2 Nf3 sidelines, including 2...Nf6 3 g3 and 2...Nf6 3 Bf4.} Qxb2 7. Rb1 Qc3 8. Bb5 {The position is equal.} g6 9. O-O Bg7 10. Nb3 {[#] Black must now prevent e4!} O-O 11. Bxc6 bxc6 12. Be5 Qc4 13. Nfd4 {[#]} Bd7 $146 ({Predecessor:} 13... Ne4 14. Bxg7 Kxg7 15. Qd3 Ba6 16. Qxc4 dxc4 17. Na5 Nd2 18. Naxc6 Nxf1 19. Kxf1 Rfc8 {0-1 (54) Dong,B (2227)-Ajay,K (2315) chess.com INT 2020}) 14. Qd3 Ne4 15. Bxg7 Kxg7 16. Qxc4 dxc4 17. Na5 {[%mdl 64] [#] Double Attack} Nd2 18. Rb7 Bc8 $132 {[%mdl 2048] Black is fighting back} 19. Rxe7 {Threatens to win with Rd1.} Nxf1 20. Kxf1 Rd8 21. Naxc6 Rd7 $1 22. Re5 Rc7 23. Na5 Kf6 24. f4 ({Wrong is} 24. Nxc4 $2 Ba6 $19) 24... Re7 $1 {[%cal Re7e5]} 25. Rxe7 Kxe7 $14 {[%mdl 4096] Endgame KRB-KNN} 26. Ke2 Be6 27. e4 Rc8 28. c6 Kd6 29. Nb7+ Kc7 30. Nc5 Kd6 (30... Re8 $11 {keeps the balance.}) 31. Nb7+ Kc7 32. Nc5 Kd6 33. Nb7+ {Accuracy: White = 95%, Black = 80%.} (33. Na6 $1 $14) 1/2-1/2

[Event "Magnus Carlsen Chess Tour Finals Kiva"]
[Site "Online"]
[Date "2020.08.07"]
[Round "1.5"]
[White "Ding, Liren"]
[Black "Carlsen, Magnus"]
[Result "1-0"]
[WhiteElo "2836"]
[BlackElo "2881"]
[Annotator "TA"]
[PlyCount "91"]
[EventDate "2020.08.09"]
[EventType "k.o."]
[SourceTitle "playchess.com"]
[Source "ChessBase"]
[SourceQuality "1"]

{[%evp 23,91,29,24,10,31,33,25,37,31,35,86,41,33,27,42,12,37,14,16,0,0,0,0,0,0,0,0,0,16,0,7,0,-13,-26,-28,-23,-23,-31,-38,-42,0,0,0,0,0,0,0,0,26,26,27,27,27,27,35,0,0,0,0,0,0,0,0,0,0,0,0,0,0,0]} 1. e4 c6 2. d4 d5 3. exd5 cxd5 4. Bd3 Nc6 5. c3 Nf6 6. Bf4 Bg4 7. Qb3 Qc8 8. Nd2 e6 9. Ngf3 Be7 10. O-O Bh5 11. Rae1 Bg6 12. Bxg6 hxg6 13. h4 $5 {[%mdl 4] [#] Exploring less charted territory. B13: Caro-Kann: Exchange Variation and Panov-Botvinnik Attack.} Nh5 $146 ({Predecessor:} 13... a6 14. a4 Nh5 15. Bh2 Nf6 16. Bf4 Nh5 17. Bh2 Nf6 18. Bf4 {½-½ (18) Carlsen,M (2863)-So,W (2770) chess24.com INT 2020}) 14. Bg5 f6 15. Be3 {White has an edge.} Qc7 16. Qc2 Kf7 ({Black should try} 16... O-O-O $14) 17. Nb3 Bd6 18. Nc1 Rae8 19. Re2 Ne7 $1 20. Nd3 Nf5 21. Bc1 Nf4 22. Bxf4 Bxf4 23. g3 Bd6 24. Qd2 Re7 25. a3 Ke8 26. Qe1 Kd7 27. Kg2 Kc8 28. Rh1 Rhe8 29. Nb4 $1 Kb8 30. Nc2 Qb6 31. Qc1 a5 32. Ne3 Qc6 33. Rd1 Bc7 34. Qc2 Bb6 35. Qd3 a4 36. Nc2 Bc7 37. Nb4 Qd6 38. Rg1 Qd7 39. Rge1 Rh8 {The position is equal.} 40. c4 (40. Qd1 {feels hotter.} Bd6 41. Nd3 Qe8 42. Qc1 g5 43. hxg5 Qh5 44. Rh1) 40... dxc4 $1 41. Qxc4 {[%cal Re2e6]} Bd6 42. Rxe6 {d5 is the strong threat.} Bxb4 43. axb4 {[#] And now Rxe7 would win.} Rxe6 $1 44. Qxe6 Qxe6 45. Rxe6 Rd8 46. Re4 {[%mdl 32768] Accuracy: White = 90%, Black = 90%. . Loss on time!?} 1-0